Сладострастие и его последствия (Запись № 12231243)

Подробности
000 -МАРКЕР
контрольное поле 01815nam0a2200349 4500
001 - ИДЕНТИФИКАТОР ЗАПИСИ
контрольное поле RU\NLR\BIBL_A\012501381
005 - ИДЕНТИФИКАТОР ВЕРСИИ
контрольное поле 20260405221423.0
035 ## - ДРУГИЕ СИСТЕМНЫЕ НОМЕРА
Идентификатор записи (NLR Aleph) 012501381
100 ## - ДАННЫЕ ОБЩЕЙ ОБРАБОТКИ
Данные общей обработки 20210412d1884 |||y0rusy50 ca
101 0# - ЯЗЫК РЕСУРСА
Язык текста, звукозаписи и т.д. русский
102 ## - СТРАНА ПУБЛИКАЦИИ ИЛИ ПРОИЗВОДСТВА
Страна публикации Российская Федерация
105 ## - ПОЛЕ КОДИРОВАННЫХ ДАННЫХ: ТЕКСТОВЫЕ МАТЕРИАЛЫ, МОНОГРАФИЧЕСКИЕ
Кодированные данные о монографическом текстовом документе y|||z|||000zy
181 #0 - ПОЛЕ КОДИРОВАННЫХ ДАННЫХ: ВИД СОДЕРЖАНИЯ
Код вида содержания (ISBD) i
Код характеристики содержания (ISBD) axxe
182 #0 - ПОЛЕ КОДИРОВАННЫХ ДАННЫХ: ТИП СРЕДСТВА
Код типа средства (ISBD) n - непосредственное
200 1# - ЗАГЛАВИЕ И СВЕДЕНИЯ ОБ ОТВЕТСТВЕННОСТИ
Основное заглавие Сладострастие и его последствия
Сведения, относящиеся к заглавию наставление для холостых и женатых к счастливой и долголетней супружеской жизни
-- с приложением гигиены брачной жизни
Первые сведения об ответственности составлено по новейшим русским и иностранным источникам практическим врачом М. Р-м
203 ## - ВИД СОДЕРЖАНИЯ И ТИП СРЕДСТВА
Вид содержания Текст
Дополнительные сведения об издании визуальный
Тип средства непосредственный
210 ## - ПУБЛИКАЦИЯ, РАСПРОСТРАНЕНИЕ И ДР.
Место издания, распространения и т.д. С. - Петербург
Имя издателя, распространителя и т. д. Типография А. Каспари
Дата издания, распространения и т.д. 1884
215 ## - ФИЗИЧЕСКАЯ ХАРАКТЕРИСТИКА
Специфическое обозначение материала и объем [4], 367 с.
Размеры 22
300 ## - ОБЩИЕ ПРИМЕЧАНИЯ
Текст примечания На корешке авт.: М. Р-в
316 ## - ПРИМЕЧАНИЯ ОБ ОСОБЕННОСТЯХ ЭКЗЕМПЛЯРА
Текст примечания На 2-й с. обл. наклейка с автогр.: Левкий Жевержеев
Организация и экземпляр, к которому относится поле NLR
606 1# - НАИМЕНОВАНИЕ ТЕМЫ КАК ПРЕДМЕТ
Наименование темы Половая жизнь
Тематический подзаголовок Гигиена
Системный номер авторитетной/нормативной записи 1176600
Идентификатор авторитетной/нормативной записи RU\NLR\AUTH\66472905
606 1# - НАИМЕНОВАНИЕ ТЕМЫ КАК ПРЕДМЕТ
Наименование темы Венерические болезни
Системный номер авторитетной/нормативной записи 1135283
Идентификатор авторитетной/нормативной записи RU\NLR\AUTH\66132546
686 3# - ИНДЕКСЫ ДРУГИХ КЛАССИФИКАЦИЙ
Индекс Р702
686 3# - ИНДЕКСЫ ДРУГИХ КЛАССИФИКАЦИЙ
Индекс Р59
702 #1 - ИМЯ ЛИЦА - ВТОРИЧНАЯ ОТВЕТСТВЕННОСТЬ
Код отношения Составитель
Графика поля Кириллица
Материалы, к которым относится поле rus
Начальный элемент ввода Р-в
Часть имени, кроме начального элемента ввода М.
Дополнения к именам, кроме дат врач
Даты 19 в.
Системный номер авторитетной/нормативной записи 230023
Идентификатор авторитетной/нормативной записи RU\NLR\AUTH\770230079
702 #1 - ИМЯ ЛИЦА - ВТОРИЧНАЯ ОТВЕТСТВЕННОСТЬ
Код отношения Бывший владелец
Материалы, к которым относится поле rus
Графика поля Кириллица
Начальный элемент ввода Жевержеев
Часть имени, кроме начального элемента ввода Л. И.
Даты 1881-1942
Дополнения к именам, кроме дат искусствовед, художник
Расширение инициалов личного имени Левкий Иванович
Идентификатор авторитетной/нормативной записи RU\NLR\AUTH\7799743
Системный номер авторитетной/нормативной записи 82669
852 ## - МЕСТОНАХОЖДЕНИЕ И ШИФР ХРАНЕНИЯ
Идентификатор организации NLR
Шифр хранения (Call Number) 17.141.5.13
942 ## - ДОПОЛНИТЕЛЬНЫЕ ЭЛЕМЕНТЫ ЗАПИСИ (АБИС)
Тип экземпляра АБИС Книга
980 ## - КОЛЛЕКЦИЯ
Название коллекции Национальная библиография

Нет доступных экземпляров.